• 首页
  • 本馆介绍
  • 公告通知
  • 最新文献
  • 馆藏检索
  • 电子资源
  • 读者导购
  • 参考咨询
  • 我的图书馆
  • 登录
  • 详细信息显示
  • 放入我的书架
  • 预约/预借图书
  • 作者相关作品
  • 分类相关作品
  • 丛书相关作品
  • 出版社相关作品

书目信息

  • 表格格式
  • 工作单格式
  • 卡片格式
题名:
幸福与教育
    
 
作者: 诺丁斯 著 ;龙宝新 译
分册:  
出版信息: 北京   教育科学出版社  2014.12
页数: 18,317页
开本: 24cm
丛书名: 世界教育思想文库
单 册:
中图分类: G412
科图分类:
主题词: 幸福--教育理论
电子资源:
ISBN: 978-7-5041-9049-9
000 01195oam2 2200325 450
001 007282031
005 20160704090441.66
010    @a978-7-5041-9049-9@dCNY55.00
100    @a20150616d2014 em y0chiy50 ea
101 1  @achi@ceng
102    @aCN@b110000
105    @ay z 001yy
106    @ar
200 1  @a幸福与教育@9xing fu yu jiao yu@f(美)内尔·诺丁斯著@g龙宝新译
205    @a2版
210    @a北京@c教育科学出版社@d2014.12
215    @a18,317页@d24cm
225 2  @a世界教育思想文库
305    @a由权利人授权出版
312    @a封面英文题名:Happiness and education
330    @a本书首先追问了什么是幸福。其次,又讨论了我们怎样才能帮助孩子们去理解幸福。书中谈到了持家、为人父母、珍爱住所、培养品格、人际关系的发展、找到自己所喜欢的工作和参与民主生活方式等对于幸福的意义。最后,还对如何将学校和教室变成幸福的场所这一问题进行了探讨。
333    @a教育研究人员
461  0 @12001 @a世界教育思想文库
510 1  @aHappiness and education@zeng
606 0  @a幸福@x教育理论
690    @aG412@v5
701  0 @c(美)@a诺丁斯@9nuo ding si@c(女,Noddings, Nel)@4著
702  0 @a龙宝新@9long bao xin@4译
801  0 @aCN@b人天书店@c20150616
905    @b880102-07@dG412@e50=2@f6
    
    幸福与教育/(美)内尔·诺丁斯著/龙宝新译.-2版.-北京:教育科学出版社,2014.12
    18,317页;24cm.-(世界教育思想文库)
    使用对象:教育研究人员
    
    ISBN 978-7-5041-9049-9:CNY55.00
    本书首先追问了什么是幸福。其次,又讨论了我们怎样才能帮助孩子们去理解幸福。书中谈到了持家、为人父母、珍爱住所、培养品格、人际关系的发展、找到自己所喜欢的工作和参与民主生活方式等对于幸福的意义。最后,还对如何将学校和教室变成幸福的场所这一问题进行了探讨。
●
相关链接 在E读中查询图书 在五车中查询图书 在当当中查询图书 在豆瓣中查询图书


正题名:幸福与教育     索取号:G412/50=2         预约/预借

序号 登录号 条形码 馆藏地/架位号 状态 备注
1 880102   208801028   第一样本阅览室/ [索取号:G412/50=2] 在馆    
2 880103   208801037   教育系资料室/ [索取号:G412/50=2] 在馆    
3 880104   208801046   教育系资料室/ [索取号:G412/50=2] 在馆    
4 880105   208801055   教育系资料室/ [索取号:G412/50=2] 在馆    
5 880106   208801064   第四借阅区/ [索取号:G412/50=2] 在馆    
6 880107   208801073   第四借阅区/ [索取号:G412/50=2] 在馆    
唐山师范学院图书馆 欢迎您!
大连网信软件有限公司© 版权所有